Sedi del Campionato mondiale di Formula 1 2016 - Statistics

Statistiche generali
  • Questo quiz è stato fatto 2 volte
  • Il punteggio medio è 6 su 21
Statistiche sulle risposte
Data Sede % Corretto
20 marzo Melbourne
100%
29 maggio Monaco
100%
27 novembre Abu Dhabi
50%
23 ottobre Austin
50%
4 settembre Monza
50%
10 luglio Silverstone
50%
18 settembre Singapore
50%
3 luglio Spielberg
50%
9 ottobre Suzuka
50%
19 giugno Baku
0%
30 ottobre Città del Messico
0%
31 luglio Hockenheim
0%
3 aprile Manama
0%
24 luglio Mogyoród
0%
15 maggio Montmeló
0%
12 giugno Montréal
0%
13 novembre San Paolo
0%
2 ottobre Sepang
0%
17 aprile Shanghai
0%
1º maggio Soči
0%
28 agosto Stavelot
0%
Nessun quiz corrispondente trovato
Distribuzione punteggi
Percentuale di utenti per punteggio
Percentile per numero di risposta
I tuoi punteggi nel tempo
Non hai fatto questo quiz